Biología y conocimiento: ensayo sobre las relaciones entre las regulaciones orgánicas y los procesos cognitivos
Guardat en:
| Autor principal: | |
|---|---|
| Format: | Llibre |
| Idioma: | espanyol |
| Publicat: |
Ciudad de México, México
Siglo Veintiuno
1969
|
| Col·lecció: | Psicología y Etología
|
| Matèries: | |
| Etiquetes: |
Afegir etiqueta
Sense etiquetes, Sigues el primer a etiquetar aquest registre!
|
MARC
| LEADER | 00000nam a2200000 a 4500 | ||
|---|---|---|---|
| 001 | UCT4970 | ||
| 003 | CL-VaPUC | ||
| 005 | 20230112074254.0 | ||
| 008 | 961129e19690000MX |||||||||||||||||spa|d | ||
| 999 | |c 254046 |d 254044 | ||
| 040 | |c Pontificia Universidad Católica de Valparaíso | ||
| 082 | 0 | 4 | |a 153.4 PIA 1969 |2 21 |
| 100 | 0 | |a Piaget, Jean |9 308149 | |
| 245 | 1 | 0 | |a Biología y conocimiento: ensayo sobre las relaciones entre las regulaciones orgánicas y los procesos cognitivos |
| 260 | 0 | 3 | |a Ciudad de México, México |b Siglo Veintiuno |c 1969 |
| 300 | |a 338 páginas | ||
| 490 | 0 | |a Psicología y Etología | |
| 583 | |a last modification |c 19961129 00:00:00 |k Rodrigo Vera | ||
| 650 | 7 | |a PSICOFISIOLOGIA |2 CL-VaPUC |9 307700 | |
| 650 | 0 | |a Teoría del conocimiento |9 255038 | |
| 650 | 0 | |a Epistemología |9 264994 | |
| 650 | 0 | |a Biología |9 262022 | |
| 650 | 7 | |a PSICOLOGIA EXPERIMENTAL |2 CL-VaPUC |9 309015 | |
| 942 | |c BK |2 ddc | ||
| 945 | |d 19961129 00:00:00 |a cmena | ||